| 000 | 00518nam a2200193Ia 4500 | ||
|---|---|---|---|
| 005 | 20250508163237.0 | ||
| 008 | 008 250505s9999 xx 000 0 hin d | ||
| 037 | _aTextual | ||
| 040 |
_aFEDL _beng _cFEDL |
||
| 041 |
_ahin _2hin |
||
| 084 |
_a370.1, RAJ _qFEDL |
||
| 100 |
_aRajanand _9207729 |
||
| 245 | 0 | _aGandhi darshan aur shiksha | |
| 260 |
_aBikaner, India _bSurya Prakashan Mandir _c1969 |
||
| 300 | _a110p | ||
| 365 |
_aINR _b50 |
||
| 942 |
_cTEXL _h370.1, RAJ |
||
| 999 |
_c1381735 _d1381735 |
||